Catálogo
 En Linea

Tres miradas al sur / (Registro nro. 46950)

Detalles MARC
000 -CABECERA
campo de control de longitud fija 00728nam a2200217 a 4500
001 - NÚMERO DE CONTROL
campo de control 000047462
005 - FECHA Y HORA DE LA ÚLTIMA TRANSACCIÓN
campo de control 20250129121827.0
008 - DATOS DE LONGITUD FIJA--INFORMACIÓN GENERAL
campo de control de longitud fija 130708s2017 dr 000 p spa d
020 ## - NÚMERO INTERNACIONAL ESTÁNDAR DEL LIBRO
Número Internacional Estándar del Libro 9789945503111
040 ## - FUENTE DE LA CATALOGACIÓN
Centro catalogador/agencia de origen DO-SdBNP
Lengua de catalogación spa
Centro/agencia transcriptor BNPHU
082 ## - NÚMERO DE LA CLASIFICACIÓN DECIMAL DEWEY
Número de clasificación xxx
Número de documento/Ítem I37t
100 1# - ENTRADA PRINCIPAL--NOMBRE DE PERSONA
Nombre de persona Incháustegui Cabral, Héctor,
Fechas asociadas al nombre 1912-1979
9 (RLIN) 21024
245 10 - MENCIÓN DE TÍTULO
Título Tres miradas al sur /
Mención de responsabilidad, etc. Héctor Incháustegui Cabral, Freddy Gatón Arce, Lupo Hernández Rueda.
260 ## - PUBLICACIÓN, DISTRIBUCIÓN, ETC.
Lugar de publicación, distribución, etc. Santo Domingo :
Nombre del editor, distribuidor, etc. Nacional,
Fecha de publicación, distribución, etc. 2017.
300 ## - DESCRIPCIÓN FÍSICA
Extensión 122 p. ;
Dimensiones 24 cm.
490 1# - MENCIÓN DE SERIE
Mención de serie Homenaje ;
Designación de volumen o secuencia 5
590 ## - NOTA LOCAL (RLIN)
Nota local Inventariado, 2018/ YL
700 12 - PUNTO DE ACCESO ADICIONAL--NOMBRE DE PERSONA
Nombre de persona Gatón Arce, Freddy,
Fechas asociadas al nombre 1920-1994
9 (RLIN) 7946
700 #2 - PUNTO DE ACCESO ADICIONAL--NOMBRE DE PERSONA
Nombre de persona Hernández Rueda, Lupo,
Fechas asociadas al nombre 1930-2017
9 (RLIN) 23790
830 #0 - PUNTO DE ACCESO ADICIONAL DE SERIE-TÍTULO UNIFORME
Título uniforme Homenaje
Número de parte o sección de la obra 5
9 (RLIN) 75088
Existencias
Estado de retiro Estado de pérdida No para préstamo Código de colección Localización permanente Ubicación/localización actual Ubicación en estantería Fecha de adquisición Número de inventario Total de préstamos Signatura topográfica completa Código de barras Fecha visto por última vez Número de copia Precio válido a partir de Tipo de ítem Koha
    Excluido de préstamo Dominicana de Servicio General General En catalogación 07.06.2018 LF1   xxx I37t 47462-30 25.06.2020 e. 3 25.06.2020 Libro y Folleto Colección Dominicana de Servicio
    Excluido de préstamo Dominicana de Servicio General General En catalogación 07.06.2018 LF1   xxx I37t 47462-40 25.06.2020 e. 4 25.06.2020 Libro y Folleto Colección Dominicana de Servicio
    Excluido de préstamo Dominicana de Servicio General General En catalogación 07.06.2018 LF1   xxx I37t 47462-50 25.06.2020 e. 5 25.06.2020 Libro y Folleto Colección Dominicana de Servicio
    Excluido de préstamo Patrimonio Dominicano Patrimonio Dominicano Patrimonio Dominicano En catalogación 30.05.2018 LF1   xxx I37t 47462-10 25.06.2020   25.06.2020 Libro y Folleto Colección Patrimonio Dominicano
    Excluido de préstamo Patrimonio Dominicano Patrimonio Dominicano Patrimonio Dominicano En catalogación 30.05.2018 LF1   xxx I37t 47462-20 25.06.2020 e. 2 25.06.2020 Libro y Folleto Colección Patrimonio Dominicano

Con tecnología Koha